Acceso a recursos genéticos: Chile en el contexto mundial
Сохранить в:
| Главные авторы: | , |
|---|---|
| Формат: | |
| Язык: | испанский |
| Опубликовано: |
Santiago
Fundación Sociedades Sustentables
2003
Santiago Field 2003 |
| Предметы: | |
| Метки: |
Добавить метку
Нет меток, Требуется 1-ая метка записи!
|
MARC
| LEADER | 00000nam a2200000 a 4500 | ||
|---|---|---|---|
| 001 | UCL9275 | ||
| 003 | CL-VaPUC | ||
| 008 | 040730e20030000cl |||||||||||||||||spa|d | ||
| 020 | |a 9562919560 | ||
| 082 | 0 | 4 | |a 346.048 |b MAN |2 21 |
| 100 | |a Manzur, María Isabel |e autora |9 621056 | ||
| 700 | |a Lasén Díaz, Carolina |e author |9 524178 | ||
| 245 | 1 | 0 | |a Acceso a recursos genéticos: Chile en el contexto mundial |
| 300 | |a 24 p | ||
| 942 | |c BK | ||
| 945 | |d 20040730 00:00:00 |a cmena | ||
| 260 | |a Santiago |b Fundación Sociedades Sustentables |c 2003 | ||
| 260 | |a Santiago |b Field |c 2003 | ||
| 650 | 0 | |a Recursos naturales |9 255232 | |
| 650 | 0 | |a Propiedad intelectual |9 256126 | |
| 650 | 7 | |a PATENTES |2 CL-VaPUC |9 259099 | |
| 650 | 0 | |a Biotecnología |9 259561 | |
| 650 | 0 | |a Protección de las plantas |9 264406 | |
| 650 | 0 | |a Manipulación genética |9 373579 | |
| 583 | |a last modification |c 20171011 02:00:14 |k Rodrigo Vera | ||
| 999 | |c 310137 |d 310135 | ||
| 952 | |0 0 |1 0 |4 0 |6 346_048000000000000_MAN_2003_2003 |7 0 |8 A |9 378294 |a BIBAGR |b BIBAGR |d 2019-11-21 |i 4043545 |o 346.048 MAN 2003 2003 |p 4043545 |r 2025-01-20 |w 2019-11-21 |y BK |k AGR | ||
| 952 | |0 0 |1 0 |4 0 |6 346_048000000000000_MAN_2003_2003 |7 0 |8 A |9 378295 |a BIBAGR |b BIBAGR |d 2019-11-21 |i 4374673 |o 346.048 MAN 2003 2003 |p 4374673 |r 2025-01-20 |w 2019-11-21 |y BK |k AGR | ||
| 952 | |0 0 |1 0 |4 0 |6 346_048000000000000_MAN_2003_2003 |7 0 |8 A |9 378296 |a BIBAGR |b BIBAGR |d 2019-11-21 |i 4374681 |o 346.048 MAN 2003 2003 |p 4374681 |r 2025-01-20 |w 2019-11-21 |y BK |k AGR | ||